00944cam a22002891a 450000100060000000300080000600500170001400800410003103500190007203500180009104000510010904100080016007000180016807200090018608200230019511000400021824500690025826000570032730000420038449000360042650400390046265000400050165000220054165000250056383000100058883000560059814213BD-RjUL20211208235605.0140205s1942 dcuab b f001 0 eng c a(BD-RjUL)14265 a(OCoLC)617729 aU.S. Dept. of Agr. Libr.cOKentUdBD-RjULbeng aeng0 a1bAg84Y 1942 0aL83000a636.0896bUNK 19422 aUnited States Dept. of Agriculture.10aKeeping livestock healthy /cUnited States Dept. of Agriculture. aWashington D.C. :bU.S. Dept. of Agriculture,c1942. axiii, 1276 p. :bill., maps ;c24 cm.1 aYearbook of agriculture ;v1942 aIncludes bibliographies and index. 0aVeterinary medicinezUnited States. 0aDomestic animals. 0aLivestockxDiseases. 0v1942. 0aYearbook of agriculture (Washington, D.C. : 1926) ;